Globalization and America's trade agreements / (Record no. 592977)

000 -LEADER
fixed length control field 01677cam a2200349 i 4500
001 - CONTROL NUMBER
control field 17750355
005 - DATE AND TIME OF LATEST TRANSACTION
control field 20230124093546.0
008 - FIXED-LENGTH DATA ELEMENTS--GENERAL INFORMATION
fixed length control field 130523s2013 dcu b 001 0 eng
010 ## - LIBRARY OF CONGRESS CONTROL NUMBER
LC control number 2013019577
020 ## - INTERNATIONAL STANDARD BOOK NUMBER
International Standard Book Number 9781421411682
040 ## - CATALOGING SOURCE
Original cataloging agency DLC
Language of cataloging eng
Transcribing agency DLC
Description conventions rda
Modifying agency DLC
042 ## - AUTHENTICATION CODE
Authentication code pcc
043 ## - GEOGRAPHIC AREA CODE
Geographic area code n-us---
050 00 - LIBRARY OF CONGRESS CALL NUMBER
Classification number HF1756
Item number .K84 2013
082 00 - DEWEY DECIMAL CLASSIFICATION NUMBER
Classification number 382.973,KRI
Edition number 23
100 1# - MAIN ENTRY--PERSONAL NAME
Personal name Krist, William.
9 (RLIN) 107489
245 10 - TITLE STATEMENT
Title Globalization and America's trade agreements /
Statement of responsibility, etc. William Krist.
264 #1 - PRODUCTION, PUBLICATION, DISTRIBUTION, MANUFACTURE, AND COPYRIGHT NOTICE
Place of production, publication, distribution, manufacture Washington, D.C. :
Name of producer, publisher, distributor, manufacturer Woodrow Wilson Center Press ;
Place of production, publication, distribution, manufacture Baltimore :
Name of producer, publisher, distributor, manufacturer Johns Hopkins University Press,
Date of production, publication, distribution, manufacture, or copyright notice [2013]
300 ## - PHYSICAL DESCRIPTION
Extent xvi, 283 pages ;
Dimensions 24 cm
336 ## - CONTENT TYPE
Content type term text
Source rdacontent
337 ## - MEDIA TYPE
Media type term unmediated
Source rdamedia
338 ## - CARRIER TYPE
Carrier type term volume
Source rdacarrier
505 ## - FORMATTED CONTENTS NOTE
Formatted contents note U.S. Trade Policy in Crisis (Page-1), America’s Trade Agreements (Page-23), Trade Agreements and Economic Theory (Page-67), Trade Agreements and U.S. Commercial Interests (Page-95), Foreign Policy: The Other Driver (Page-132), Economic Development: A Missed Opportunity (Page-156), Uneasy Neighbors: Trade and the Environment (Page-183), The Labor Dilemma (Page-211), The Way Forward (Page-231).
650 #0 - SUBJECT ADDED ENTRY--TOPICAL TERM
Topical term or geographic name entry element Free trade
Geographic subdivision United States.
9 (RLIN) 107490
651 #0 - SUBJECT ADDED ENTRY--GEOGRAPHIC NAME
Geographic name United States
General subdivision Commerce.
9 (RLIN) 107491
651 #0 - SUBJECT ADDED ENTRY--GEOGRAPHIC NAME
Geographic name United States
Form subdivision Commercial treaties.
9 (RLIN) 107492
651 #0 - SUBJECT ADDED ENTRY--GEOGRAPHIC NAME
Geographic name United States
General subdivision Commercial policy.
9 (RLIN) 107493
651 #0 - SUBJECT ADDED ENTRY--GEOGRAPHIC NAME
Geographic name United States
General subdivision Foreign economic relations.
9 (RLIN) 97719
906 ## - LOCAL DATA ELEMENT F, LDF (RLIN)
a 7
b cbc
c orignew
d 1
e ecip
f 20
g y-gencatlg
942 ## - ADDED ENTRY ELEMENTS (KOHA)
Source of classification or shelving scheme
Koha item type Book
Call number prefix 382.973,KRI
Holdings
Withdrawn status Lost status Source of classification or shelving scheme Damaged status Not for loan Permanent Location Current Location Shelving location Date acquired Total Checkouts Full call number Barcode Date last seen Price effective from Koha item type Public note
          Military College of Signals (MCS) Military College of Signals (MCS) General Stacks 01/24/2023   382.973,KRI MCS37645 01/24/2023 01/24/2023 Book Almirah No.54, Shelf No. 4
© 2023 Central Library, National University of Sciences and Technology. All Rights Reserved.